|
|
|
|
| LEADER |
01064nam a22002657a 4500 |
| 001 |
BD-DhAAL |
| 003 |
BD-DhAAL |
| 005 |
20160315101651.0 |
| 008 |
160315s 2000bg ||||| b||| 001 0 ben d |
| 020 |
|
|
|a 9844540267
|
| 040 |
|
|
|a BD-DhAAL
|c BD-DhAAL
|
| 082 |
|
|
|a 320
|
| 100 |
|
|
|a আহমদ, এমাজউদ্দীন
|9 18526
|
| 245 |
|
|
|a তুলনামূলক রাজনীতি রাজনৈতিক বিশ্লেষণ /
|c এমাজউদ্দীন আহমদ
|
| 246 |
|
|
|a Comparative politics : political analysis
|
| 250 |
|
|
|a 1st ed.
|
| 260 |
|
|
|a ঢাকা :
|b শিখা প্রকাশনী,
|c ২০০০
|
| 300 |
|
|
|a ২৪০ পৃ. ;
|c ২২ সে.মি.
|
| 504 |
|
|
|6 Includes bibliography and index
|
| 541 |
|
|
|e 4303
|
| 650 |
|
|
|a Political science.
|9 18527
|
| 852 |
|
|
|a Savar Campus Library
|c General Shelf
|
| 942 |
|
|
|2 ddc
|c BK
|
| 999 |
|
|
|c 37120
|d 37120
|
| 952 |
|
|
|0 0
|1 0
|2 ddc
|4 0
|6 320_000000000000000_AHM
|7 0
|9 58383
|a SCL
|b SCL
|c GEN
|d 2016-03-15
|g 150.00
|l 0
|o 320 AHM
|p 3020004303
|r 2016-03-15
|t 1
|w 2016-03-15
|y BK
|